[Event "82nd UKR-ch"]
[Site "Kyiv UKR"]
[Date "2013.06.23"]
[Round "6"]
[White "Korobov, Anton"]
[WhiteElo "2715"]
[Black "Bogdanovich, Stanislav"]
[BlackElo "2567"]
[Result "1-0"]
[EventDate "2013.06.14"]
[PlyCount "66"]

1. d4 Nf6 2. c4 e6 3. Nf3 d5 4. e3 Be7 5. Nc3 O-O 6. Bd3 c5 7. dxc5 dxc4 8. Bxc4 Qxd1+ 9. Kxd1 Bxc5 10. Ke2 a6 11. Bd3 Be7 12. Rd1 b5 13. a3 Bb7 14. b4 Nbd7 15. Bd2 Rac8 16. Rdc1 Rfd8 17. Be1 Nb6 18. e4 Nc4 19. Bxc4 bxc4 20. Nd2 Nd7 21. Rc2 Ne5 22. f3 f5 23. Bf2 Bf6 24. Rb1 Rd3 25. Na4 c3 26. Nb3 fxe4 27. fxe4 Bxe4 28. Nbc5 Bg6 29. Re1 Rd2+ 30. Rxd2 Bh5+ 31. Ke3 Ng4+ 32. Kf4 cxd2 33. Rd1 g5+ 1-0

[Event "82nd UKR-ch"]
[Site "Kyiv UKR"]
[Date "2013.06.22"]
[Round "6"]
[White "Moiseenko, Olexandr"]
[WhiteElo "2711"]
[Black "Eljanov, Pavel"]
[BlackElo "2707"]
[Result "1/2-1/2"]
[EventDate "2013.06.14"]
[PlyCount "39"]

1. d4 Nf6 2. c4 g6 3. Nc3 d5 4. Bg5 Ne4 5. Bh4 Nxc3 6. bxc3 dxc4 7. e3 Be6 8. Nf3 Bg7 9. Qb1 Qd5 10. Be2 Bf5 11. Qb4 c5 12. Qxc4 Qxc4 13. Bxc4 Nc6 14. O-O Rc8 15. Rac1 Na5 16. Bb5+ Bd7 17. Be2 Be6 18. Bb5+ Bd7 19. Be2 Be6 20. Bb5+ 1/2-1/2

[Event "82nd UKR-ch"]
[Site "Kyiv UKR"]
[Date "2013.06.20"]
[Round "6"]
[White "Neverov, Valeriy"]
[WhiteElo "2515"]
[Black "Yefymenko, Zakhar"]
[BlackElo "2651"]
[Result "0-1"]
[EventDate "2013.06.14"]
[PlyCount "106"]

1. d4 Nf6 2. c4 e6 3. Nf3 b6 4. g3 Ba6 5. b3 Bb4+ 6. Bd2 Be7 7. Bg2 O-O 8. O-O d5 9. cxd5 exd5 10. Nc3 Re8 11. Rc1 Bb7 12. Bf4 Na6 13. Ne5 h6 14. Nd3 Bf8 15. Rc2 Ne4 16. Qa1 g5 17. Be3 c5 18. dxc5 Bg7 19. Qc1 Nxc3 20. Rxc3 Bxc3 21. Qxc3 bxc5 22. Nxc5 d4 23. Bxd4 Nxc5 24. Qxc5 Bxg2 25. Kxg2 Rxe2 26. Qc6 Re6 27. Qf3 a5 28. Rd1 Raa6 29. Bc3 Rad6 30. Rxd6 Rxd6 31. Qe4 Rd5 32. Bf6 Qd7 33. h4 Qe6 34. Qxe6 fxe6 35. hxg5 hxg5 36. Bc3 g4 37. a4 Kf7 38. Kf1 Rd3 39. Bxa5 Rxb3 40. Bd2 Kg6 41. a5 Ra3 42. Kg2 Kf5 43. Bb4 Ra4 44. Bc3 Ke4 45. Bd2 Ra2 46. Bb4 Kd3 47. Kf1 Ra4 48. Bc5 Rxa5 49. Be3 Ra1+ 50. Kg2 Ke2 51. Bd4 Ra3 52. Bc5 Rf3 53. Bb6 e5 0-1

[Event "82nd UKR-ch"]
[Site "Kyiv UKR"]
[Date "2013.06.24"]
[Round "7"]
[White "Areschenko, Alexander"]
[WhiteElo "2708"]
[Black "Neverov, Valeriy"]
[BlackElo "2515"]
[Result "1-0"]
[EventDate "2013.06.14"]
[PlyCount "89"]

1. e4 e5 2. Nf3 Nc6 3. Bb5 a6 4. Ba4 Nf6 5. d3 d6 6. c3 g6 7. O-O Bg7 8. Nbd2 O-O 9. Re1 b5 10. Bc2 Bb7 11. Nf1 d5 12. Bd2 Qd6 13. Ng3 dxe4 14. dxe4 Rfd8 15. Qe2 Na5 16. Rad1 Qe7 17. b3 c5 18. Bc1 Nc6 19. Bd3 Rd7 20. h3 Rad8 21. Bb2 Ne8 22. Nf1 b4 23. Ne3 bxc3 24. Bxc3 Nd4 25. Bxd4 cxd4 26. Nc4 Nc7 27. Na5 Ba8 28. Rc1 Rd6 29. a4 Ne6 30. g3 Rb6 31. Rc2 Nc5 32. Rec1 Nxd3 33. Qxd3 Qb4 34. Rc8 Rb8 35. Rxd8+ Rxd8 36. Nc6 Qa3 37. Rc4 Re8 38. Nfxe5 Qa1+ 39. Kg2 Bxe5 40. Nxe5 f5 41. Rxd4 Bxe4+ 42. Rxe4 fxe4 43. Qd5+ Kh8 44. Nf7+ Kg7 45. Qd7 1-0

[Event "82nd UKR-ch"]
[Site "Kyiv UKR"]
[Date "2013.06.20"]
[Round "7"]
[White "Bogdanovich, Stanislav"]
[WhiteElo "2567"]
[Black "Kryvoruchko, Yuriy"]
[BlackElo "2659"]
[Result "1/2-1/2"]
[EventDate "2013.06.14"]
[PlyCount "31"]

1. e4 e5 2. Nf3 Nc6 3. Bb5 Nf6 4. d3 d6 5. c3 Be7 6. Nbd2 O-O 7. Nf1 a6 8. Ba4 b5 9. Bc2 d5 10. Qe2 Be6 11. Ng3 dxe4 12. dxe4 Bc4 13. Qd2 Qxd2+ 14. Bxd2 Rfd8 15. Nf5 Bc5 16. Be3 1/2-1/2

[Event "82nd UKR-ch"]
[Site "Kyiv UKR"]
[Date "2013.06.24"]
[Round "7"]
[White "Yefymenko, Zakhar"]
[WhiteElo "2651"]
[Black "Moiseenko, Olexandr"]
[BlackElo "2711"]
[Result "1/2-1/2"]
[EventDate "2013.06.14"]
[PlyCount "277"]

1. d4 Nf6 2. c4 e6 3. Nf3 b6 4. g3 Bb4+ 5. Nbd2 Ba6 6. Qc2 O-O 7. Bg2 d5 8. O-O c5 9. dxc5 Bxc5 10. cxd5 exd5 11. Nb3 Nbd7 12. Nxc5 bxc5 13. Rd1 d4 14. b4 Rc8 15. bxc5 Nxc5 16. Rxd4 Qb6 17. Qb2 Qxb2 18. Bxb2 Bxe2 19. Ne5 Bb5 20. Rb4 a6 21. a4 Nxa4 22. Rbxa4 Bxa4 23. Rxa4 Rc2 24. Bd4 Rc1+ 25. Bf1 Ra8 26. Kg2 Rc7 27. Bxa6 Nd5 28. Bb5 Rxa4 29. Bxa4 Ne7 30. g4 Ng6 31. Nxg6 hxg6 32. Be3 Rc4 33. Bd1 Rb4 34. Kg3 Rc4 35. h4 Rb4 36. Bf3 Ra4 37. Bc6 Ra6 38. Bb7 Ra4 39. Bd5 Ra5 40. Be4 Ra4 41. Kf4 Ra5 42. Bd4 Ra3 43. Bg2 Ra5 44. Ke4 Rb5 45. Bf3 Rb3 46. g5 Ra3 47. h5 gxh5 48. Bxh5 Ra5 49. Be3 f6 50. Bg6 fxg5 51. Kf3 Ra6 52. Bf5 Kh8 53. Kg4 Rc6 54. Kxg5 Ra6 55. Bd4 Rd6 56. Be5 Ra6 57. f4 Rb6 58. Bd3 Rc6 59. Kf5 Rb6 60. Ke4 Rb7 61. Kd5 Rd7+ 62. Bd6 Ra7 63. Ke6 Kg8 64. Bb5 Rb7 65. Bd7 Ra7 66. Ke7 Kh8 67. Bb8 Ra8 68. Be5 Ra7 69. Bd4 Rb7 70. Ke6 Kg8 71. Bc6 Rb4 72. Be5 Rb6 73. Kd7 Ra6 74. Bd5+ Kh7 75. Ke7 Ra5 76. Be4+ Kg8 77. Bg6 Ra7+ 78. Ke6 Ra6+ 79. Kf5 Rb6 80. Kg5 Ra6 81. Bd3 Rb6 82. Bc4+ Kh7 83. Kf5 Rc6 84. Bd3 Rb6 85. Bd4 Rc6 86. Ke5+ Kh8 87. Bb5 Rf6 88. Be8 Ra6 89. f5 Kg8 90. Bd7 Kh7 91. Be6 Ra4 92. Be3 Ra3 93. Bg5 Ra6 94. Bd5 Rb6 95. Bd8 Ra6 96. Bb7 Rh6 97. Bc7 Rf6 98. Bd6 Rf7 99. Bd5 Ra7 100. Ke6 Ra6 101. Ke7 Ra7+ 102. Ke8 Ra5 103. Be6 Ra8+ 104. Kf7 Ra7+ 105. Be7 Ra5 106. Bc8 Ra7 107. Ke6 Kg8 108. Bd7 Ra6+ 109. Bd6 Ra7 110. Bc5 Ra5 111. Bd4 Kh7 112. Be8 Kg8 113. Bg6 Ra4 114. Bf7+ Kh7 115. Be5 Ra6+ 116. Ke7 Ra5 117. Bg6+ Kg8 118. Bd4 Ra4 119. Be5 Ra7+ 120. Ke6 Ra6+ 121. Bd6 Ra7 122. Be8 Ra6 123. Ke7 Ra7+ 124. Bd7 Kh7 125. Be5 Kg8 126. Kd8 Ra8+ 127. Kc7 Kh7 128. Bd4 Ra6 129. Kd8 Rd6 130. Bc5 Rd5 131. Bb4 Re5 132. Be7 Ra5 133. Ke8 Ra7 134. Bb5 Ra5 135. Bd7 Ra7 136. Be6 Ra8+ 137. Kf7 Ra7 138. Bb3 Rb7 139. Bd5 1/2-1/2

[Event "82nd UKR-ch"]
[Site "Kyiv UKR"]
[Date "2013.06.20"]
[Round "7"]
[White "Volokytin, Andriy"]
[WhiteElo "2687"]
[Black "Korobov, Anton"]
[BlackElo "2715"]
[Result "0-1"]
[EventDate "2013.06.14"]
[PlyCount "87"]

1. d4 Nf6 2. Nf3 g6 3. Bg5 Bg7 4. Nbd2 O-O 5. c3 d5 6. e3 Nbd7 7. Be2 Re8 8. O-O e5 9. b4 e4 10. Ne1 Nb6 11. a4 a5 12. b5 Be6 13. Nc2 Qd7 14. Nb3 Qc8 15. Nc5 Bf5 16. Na3 Nfd7 17. g4 Nxc5 18. dxc5 Nxa4 19. Qxa4 Bxg4 20. Qd1 Bxe2 21. Qxe2 Bxc3 22. Rac1 Bb2 23. Nc2 Bxc1 24. Rxc1 c6 25. bxc6 bxc6 26. Bf6 a4 27. Ba1 h5 28. Qd2 Qg4+ 29. Kf1 f6 30. Qc3 Rf8 31. Nd4 Ra6 32. Rb1 h4 33. Rb7 Rf7 34. Rxf7 Qd1+ 35. Kg2 Qg4+ 36. Kf1 Kxf7 37. Ne2 Qe6 38. Qb2 Qe7 39. Nd4 Qd7 40. Qb8 Qg4 41. Qb7+ Ke8 42. Ne2 Ra5 43. Qb8+ Kd7 44. Bxf6 0-1

[Event "82nd UKR-ch"]
[Site "Kyiv UKR"]
[Date "2013.06.19"]
[Round "8"]
[White "Korobov, Anton"]
[WhiteElo "2715"]
[Black "Areschenko, Alexander"]
[BlackElo "2708"]
[Result "0-1"]
[EventDate "2013.06.14"]
[PlyCount "99"]

1. e4 e5 2. Nf3 Nc6 3. Bb5 a6 4. Ba4 Nf6 5. O-O Nxe4 6. d4 b5 7. Bb3 d5 8. dxe5 Be6 9. c3 Be7 10. Nbd2 O-O 11. Bc2 f5 12. Nb3 Qd7 13. Nbd4 Nxd4 14. Nxd4 c5 15. Nxe6 Qxe6 16. f3 Ng5 17. a4 g6 18. Kh1 Qc6 19. Bxg5 Bxg5 20. f4 Be7 21. Qf3 c4 22. b4 Rfd8 23. h3 Rac8 24. Rfd1 h5 25. Rd4 h4 26. a5 Rc7 27. Rad1 Rcd7 28. R1d2 Qe6 29. Qe3 Kg7 30. Bd1 g5 31. Bc2 Qg6 32. Rf2 Rf8 33. Rd1 gxf4 34. Qxf4 Bg5 35. Qf3 Qe6 36. Bxf5 Qxe5 37. Qg4 Kh6 38. Rf3 Rdf7 39. Rdf1 Rf6 40. g3 hxg3 41. h4 Bd2 42. Rxg3 Rd6 43. Rg2 Be3 44. Rf3 Bc1 45. Rg1 Bd2 46. Be6 Qxe6 47. Qg7+ Kh5 48. Qxf8 Qe4 49. Rg2 Rg6 50. Qf5+ 0-1

[Event "82nd UKR-ch"]
[Site "Kyiv UKR"]
[Date "2013.06.24"]
[Round "8"]
[White "Kravtsiv, Martyn"]
[WhiteElo "2626"]
[Black "Bogdanovich, Stanislav"]
[BlackElo "2567"]
[Result "1/2-1/2"]
[EventDate "2013.06.14"]
[PlyCount "47"]

1. e4 c5 2. Nf3 Nc6 3. d4 cxd4 4. Nxd4 g6 5. c4 Bg7 6. Be3 Nf6 7. Nc3 O-O 8. Be2 d6 9. O-O Bd7 10. f3 Nxd4 11. Bxd4 Nh5 12. Bxg7 Nxg7 13. Qd2 Bc6 14. Kh1 a5 15. f4 Qb6 16. f5 Qc5 17. f6 exf6 18. Rxf6 Ne8 19. Rff1 Ng7 20. Rad1 Rad8 21. Rf6 Ne8 22. Rff1 Ng7 23. Rf6 Ne8 24. Rff1 1/2-1/2

[Event "82nd UKR-ch"]
[Site "Kyiv UKR"]
[Date "2013.06.19"]
[Round "8"]
[White "Kryvoruchko, Yuriy"]
[WhiteElo "2659"]
[Black "Volokytin, Andriy"]
[BlackElo "2687"]
[Result "1/2-1/2"]
[EventDate "2013.06.14"]
[PlyCount "95"]

1. e4 e5 2. Nf3 Nc6 3. d4 exd4 4. Nxd4 Nf6 5. Nxc6 bxc6 6. e5 Qe7 7. Qe2 Nd5 8. c4 Ba6 9. Nd2 g6 10. Nf3 Qb4+ 11. Kd1 Nb6 12. b3 Bg7 13. Qd2 Qxd2+ 14. Bxd2 c5 15. Kc2 O-O 16. Re1 Bb7 17. Bd3 d5 18. cxd5 Bxd5 19. Be4 c6 20. Ba5 Rfe8 21. Re2 f6 22. Rhe1 fxe5 23. Bxd5+ cxd5 24. Nxe5 Rac8 25. Nf3 Rxe2+ 26. Rxe2 c4 27. Re7 cxb3+ 28. Kxb3 Rb8 29. Kc2 Na4 30. Kc1 Bh6+ 31. Bd2 Rc8+ 32. Kd1 Nb2+ 33. Ke1 Nd3+ 34. Ke2 Nc1+ 35. Bxc1 Rxc1 36. Nd4 Rc4 37. Kd3 Ra4 38. Re2 Bg7 39. Nb3 Kf7 40. Rc2 Be5 41. g3 Ke7 42. f4 Bd6 43. Nd4 Ra3+ 44. Ke2 Kd7 45. Nb5 Ra5 46. Nd4 Ra4 47. Nf3 Ke7 48. Ng5 1/2-1/2

[Event "82nd UKR-ch"]
[Site "Kyiv UKR"]
[Date "2013.06.23"]
[Round "8"]
[White "Neverov, Valeriy"]
[WhiteElo "2515"]
[Black "Moiseenko, Olexandr"]
[BlackElo "2711"]
[Result "0-1"]
[EventDate "2013.06.14"]
[PlyCount "68"]

1. Nf3 Nf6 2. c4 e6 3. g3 d5 4. b3 d4 5. e3 c5 6. exd4 cxd4 7. Bg2 Bd6 8. O-O O-O 9. d3 Nc6 10. Re1 e5 11. Bg5 h6 12. Bxf6 Qxf6 13. Nbd2 Ba3 14. Qe2 Re8 15. Nh4 g5 16. Ne4 Qg7 17. Qf3 gxh4 18. Nf6+ Kf8 19. Nxe8 Kxe8 20. Qf4 Kd8 21. Qxh4+ Be7 22. Qe4 Kc7 23. a3 a5 24. c5 Qg4 25. Qh7 Be6 26. Rab1 Bxc5 27. b4 axb4 28. axb4 Bxb4 29. Rec1 Bc3 30. Qxh6 Qg6 31. Qh4 Qxd3 32. Bxc6 Kxc6 33. Qe7 b5 34. Rd1 Qf3 0-1

[Event "82nd UKR-ch"]
[Site "Kyiv UKR"]
[Date "2013.06.18"]
[Round "9"]
[White "Areschenko, Alexander"]
[WhiteElo "2708"]
[Black "Kryvoruchko, Yuriy"]
[BlackElo "2659"]
[Result "0-1"]
[EventDate "2013.06.14"]
[PlyCount "47"]

1. e4 c5 2. Nf3 d6 3. d4 cxd4 4. Nxd4 Nf6 5. Nc3 a6 6. Be3 e5 7. Nb3 Be6 8. h3 Be7 9. f4 exf4 10. Bxf4 O-O 11. Qf3 Nbd7 12. O-O-O Rc8 13. g4 h6 14. Kb1 Qc7 15. Qg2 b5 16. g5 hxg5 17. Bxg5 b4 18. Bh6 Ng4 19. hxg4 gxh6 20. Nd5 Bxd5 21. Rxd5 Ne5 22. Rxh6 Bg5 23. Rh5 f6 24. Nd4 0-1

[Event "82nd UKR-ch"]
[Site "Kyiv UKR"]
[Date "2013.06.17"]
[Round "9"]
[White "Yefymenko, Zakhar"]
[WhiteElo "2651"]
[Black "Baryshpolets, Andriy"]
[BlackElo "2547"]
[Result "1/2-1/2"]
[EventDate "2013.06.14"]
[PlyCount "68"]

1. e4 e5 2. Nf3 Nc6 3. Bb5 Nf6 4. d3 Bc5 5. O-O Nd4 6. Nxd4 Bxd4 7. Nd2 a6 8. Ba4 b5 9. Bb3 d6 10. h3 Bb6 11. a4 Rb8 12. Nf3 O-O 13. c3 h6 14. Be3 Bxe3 15. fxe3 c5 16. Qc2 Qb6 17. axb5 axb5 18. Rae1 Bb7 19. c4 bxc4 20. Bxc4 Ba6 21. Bxa6 Qxa6 22. Nh4 Qa2 23. Rf2 Rb6 24. Qe2 Rfb8 25. Rxf6 gxf6 26. Qh5 Rxb2 27. Qxh6 Rf2 28. Kh2 Rb1 29. Rxb1 Qxb1 30. Qh5 Qxd3 31. Qg4+ Kf8 32. Qc8+ Kg7 33. Qg4+ Kf8 34. Qc8+ Kg7 1/2-1/2

[Event "82nd UKR-ch"]
[Site "Kyiv UKR"]
[Date "2013.06.17"]
[Round "9"]
[White "Eljanov, Pavel"]
[WhiteElo "2707"]
[Black "Bogdanovich, Stanislav"]
[BlackElo "2567"]
[Result "1/2-1/2"]
[EventDate "2013.06.14"]
[PlyCount "95"]

1. d4 d5 2. c4 c6 3. Nf3 Nf6 4. e3 e6 5. b3 Nbd7 6. Bb2 Be7 7. Bd3 O-O 8. O-O b6 9. Nc3 Bb7 10. Qc2 Qc7 11. Rad1 h6 12. Rfe1 Rad8 13. h3 Qc8 14. e4 dxe4 15. Nxe4 c5 16. dxc5 Bxe4 17. Bxe4 Nxc5 18. Bd3 Nxd3 19. Rxd3 Rxd3 20. Qxd3 Rd8 21. Qe2 Nd7 22. Rd1 Bf6 23. Bd4 Bxd4 24. Rxd4 Nf8 25. Qd2 Rd7 26. Kf1 f6 27. Ke2 e5 28. Rxd7 Qxd7 29. Qxd7 Nxd7 30. Nh4 h5 31. Nf5 a5 32. a3 Kf7 33. b4 axb4 34. axb4 g6 35. Ne3 Ke6 36. Nd5 h4 37. Kd3 f5 38. f3 Kf7 39. Kc3 Ke6 40. Kb3 e4 41. f4 Kd6 42. Kc3 Ke6 43. Kd4 Kd6 44. Nc3 Nf6 45. Nb5+ Kd7 46. Nc3 Kd6 47. Nb5+ Kd7 48. Nc3 1/2-1/2

[Event "82nd UKR-ch"]
[Site "Kyiv UKR"]
[Date "2013.06.15"]
[Round "9"]
[White "Volokytin, Andriy"]
[WhiteElo "2687"]
[Black "Kravtsiv, Martyn"]
[BlackElo "2626"]
[Result "1/2-1/2"]
[EventDate "2013.06.14"]
[PlyCount "171"]

1. e4 c5 2. Nf3 d6 3. d4 cxd4 4. Nxd4 Nf6 5. Nc3 a6 6. Be2 e5 7. Nb3 Be7 8. Bg5 Be6 9. Bxf6 Bxf6 10. Qd3 Nc6 11. O-O-O Qb6 12. Nd5 Bxd5 13. exd5 Ne7 14. Kb1 Rc8 15. Qf3 O-O 16. h4 e4 17. Qxe4 Qxf2 18. Bd3 Ng6 19. Rdf1 Qg3 20. h5 Rce8 21. Qf5 Qe5 22. c3 Qxf5 23. Bxf5 Ne5 24. a4 g6 25. Bc2 Bg5 26. Rh3 Nc4 27. Rfh1 Bf6 28. Bd3 Ne3 29. Na5 Nxd5 30. Rf3 Be5 31. hxg6 hxg6 32. Rhf1 Nb6 33. Nxb7 Re7 34. Na5 Nxa4 35. Bxg6 Bxc3 36. Nc6 Rb7 37. Bc2 Nxb2 38. Rxc3 Nd1+ 39. Rb3 Nc3+ 40. Kb2 Na4+ 41. Ka3 Rxb3+ 42. Bxb3 Nc5 43. Ne7+ Kg7 44. Nf5+ Kg6 45. Bc2 d5 46. Ne3+ Kg7 47. Nxd5 Re8 48. Nf4 a5 49. Rf3 Kh6 50. Bb1 Re1 51. Ba2 Ne4 52. Bd5 f5 53. Bc6 Kg5 54. Nh3+ Kf6 55. Bd7 Nd6 56. Kb3 Rb1+ 57. Ka2 Rc1 58. Nf4 Kg5 59. Kb2 Re1 60. Kc2 Kg4 61. Bc6 Ne4 62. Kd3 Ng5 63. Re3 Rc1 64. Ng6 Nf7 65. Ba4 Ra1 66. Bb3 Nd6 67. Kd4 Kg5 68. Ne5 a4 69. Nf7+ Nxf7 70. Bxf7 f4 71. Rd3 a3 72. Rd2 Kg4 73. Bd5 a2 74. Kd3 Kg3 75. Bf3 Kh2 76. Be4 Kg3 77. Kd4 Kg4 78. Bf3+ Kg3 79. Be4 Kg4 80. Ke5 Kg3 81. Kf5 Kh4 82. Bf3 Kg3 83. Kg5 Kh2 84. Kxf4 Rd1 85. Rxd1 a1=Q 86. Rxa1 1/2-1/2

[Event "82nd UKR-ch"]
[Site "Kyiv UKR"]
[Date "2013.06.19"]
[Round "10"]
[White "Baryshpolets, Andriy"]
[WhiteElo "2547"]
[Black "Moiseenko, Olexandr"]
[BlackElo "2711"]
[Result "0-1"]
[EventDate "2013.06.14"]
[PlyCount "89"]

1. d4 Nf6 2. c4 g6 3. Nc3 Bg7 4. e4 d6 5. Bd3 O-O 6. Nge2 c5 7. d5 e6 8. Bg5 h6 9. Bh4 exd5 10. exd5 Nbd7 11. f4 g5 12. fxg5 Ng4 13. Qd2 Nde5 14. Bh7+ Kh8 15. Bc2 hxg5 16. Bxg5 f6 17. Bf4 f5 18. h3 Nf6 19. Bxe5 dxe5 20. O-O-O Ne8 21. g4 Nd6 22. gxf5 Qh4 23. Qe1 Qh6+ 24. Kb1 Bxf5 25. Bxf5 Rxf5 26. Ng3 Rf3 27. Nge4 Nxe4 28. Qxe4 Rf4 29. Qe3 Qh7+ 30. Ka1 Rxc4 31. Qe2 Rd4 32. Nb5 Re4 33. Qc2 Rd8 34. Qxc5 Qh4 35. Nd6 Rf4 36. Qc7 Rdf8 37. Rhg1 Qf6 38. Qxb7 e4 39. Nc4 Rf7 40. Qb5 a6 41. Qe8+ Kh7 42. d6 e3 43. d7 Rxc4 44. Rxg7+ Kxg7 45. d8=Q 0-1

[Event "82nd UKR-ch"]
[Site "Kyiv UKR"]
[Date "2013.06.22"]
[Round "10"]
[White "Bogdanovich, Stanislav"]
[WhiteElo "2567"]
[Black "Yefymenko, Zakhar"]
[BlackElo "2651"]
[Result "1/2-1/2"]
[EventDate "2013.06.14"]
[PlyCount "237"]

1. e4 e5 2. Nf3 Nc6 3. Bb5 g6 4. c3 a6 5. Ba4 d6 6. d4 Bd7 7. O-O Bg7 8. Bg5 f6 9. Be3 Nh6 10. dxe5 fxe5 11. Bb3 Ng4 12. Bd2 Qe7 13. Na3 Nd8 14. Nc4 Ne6 15. Ne3 Nxe3 16. Bxe3 O-O 17. Ng5 Kh8 18. Nxe6 Bxe6 19. Bxe6 Qxe6 20. Qe2 h5 21. c4 b6 22. b4 a5 23. a3 Kh7 24. c5 axb4 25. axb4 bxc5 26. bxc5 d5 27. exd5 Qxd5 28. h3 Rxa1 29. Rxa1 e4 30. Rd1 Qf5 31. c6 Qe6 32. Qc2 Rf7 33. Qa4 Be5 34. Rd8 Qf6 35. Rd7 Bd6 36. Rxf7+ Qxf7 37. Qxe4 Qf5 38. Qxf5 gxf5 39. Kf1 Kg6 40. Ke2 Kf6 41. Kf3 Bb4 42. Bf4 Ba5 43. Kg3 Kf7 44. Bg5 Bb4 45. Be3 Bc3 46. Bf4 Ba5 47. Kf3 Ke6 48. Bg3 Kd5 49. Kf4 Kxc6 50. Kxf5 Kd5 51. Bf4 c5 52. g4 hxg4 53. hxg4 c4 54. g5 Bc3 55. Bc1 Ba1 56. Kg6 Ke4 57. f4 c3 58. Kf7 Bb2 59. g6 Bxc1 60. g7 Kd3 61. g8=Q c2 62. Qg6+ Kd2 63. Qd6+ Ke2 64. Qc5 Kd3 65. Qd5+ Kc3 66. Qf3+ Kd2 67. Qb3 Kd1 68. f5 Bg5 69. Kg6 Be7 70. Qd3+ Kc1 71. Qe3+ Kb2 72. Qxe7 c1=Q 73. Qe5+ Kb3 74. f6 Qc2+ 75. Qf5 Qg2+ 76. Kh6 Qh2+ 77. Kg7 Qg3+ 78. Qg6 Qe5 79. Kg8 Qb8+ 80. Kh7 Qh2+ 81. Qh6 Qc7+ 82. Kg6 Qd6 83. Qe3+ Ka2 84. Kg7 Qd7+ 85. f7 Qg4+ 86. Kf6 Qh4+ 87. Qg5 Qd4+ 88. Qe5 Qh4+ 89. Ke6 Qh3+ 90. Ke7 Qh4+ 91. Kf8 Qg4 92. Qd5+ Kb1 93. Ke8 Qa4+ 94. Qd7 Qe4+ 95. Qe7 Qa8+ 96. Qd8 Qe4+ 97. Kf8 Qb4+ 98. Qe7 Qb8+ 99. Kg7 Qg3+ 100. Kh6 Qh3+ 101. Kg6 Qd3+ 102. Kf6 Qf3+ 103. Ke6 Qe4+ 104. Kd7 Qa4+ 105. Kc8 Qa8+ 106. Kc7 Qa7+ 107. Kd6 Qa3+ 108. Ke6 Qh3+ 109. Kd5 Qd3+ 110. Ke5 Qe3+ 111. Kf6 Qf3+ 112. Kg7 Qg3+ 113. Kh7 Qh3+ 114. Kg6 Qd3+ 115. Kf6 Qf3+ 116. Ke6 Qe4+ 117. Kd7 Qa4+ 118. Kd6 Qb4+ 119. Ke6 1/2-1/2

[Event "82nd UKR-ch"]
[Site "Kyiv UKR"]
[Date "2013.06.24"]
[Round "10"]
[White "Eljanov, Pavel"]
[WhiteElo "2707"]
[Black "Volokytin, Andriy"]
[BlackElo "2687"]
[Result "1/2-1/2"]
[EventDate "2013.06.14"]
[PlyCount "161"]

1. e4 e5 2. Nf3 Nc6 3. d4 exd4 4. Nxd4 Bc5 5. Nb3 Bb6 6. Nc3 Nf6 7. Qe2 a5 8. a4 Nb4 9. Bg5 h6 10. Bh4 d6 11. O-O-O Qe7 12. f3 Bd7 13. Kb1 g5 14. Bf2 Bxf2 15. Qxf2 Be6 16. Nd4 Bd7 17. h4 g4 18. Ncb5 Na6 19. Qd2 b6 20. Qc3 O-O 21. Nxc7 Nxc7 22. Qxc7 Rfc8 23. Nf5 Rxc7 24. Nxe7+ Kf8 25. Nd5 Nxd5 26. Rxd5 Bxa4 27. b3 Be8 28. Rxd6 Rc6 29. Rd4 Rac8 30. Ba6 R8c7 31. Bb5 Rc5 32. Bd3 gxf3 33. gxf3 Rd7 34. Rxd7 Bxd7 35. Kc1 b5 36. Kd2 a4 37. Ke3 Ke7 38. Kd4 Rc8 39. Rb1 Rc7 40. Ra1 Rc8 41. Rg1 b4 42. Bc4 a3 43. c3 bxc3 44. Kxc3 Be6 45. Ra1 Ra8 46. Ra2 Kd6 47. Kb4 Rb8+ 48. Kc3 Ra8 49. f4 Bxc4 50. Kxc4 f6 51. Kb4 Re8 52. Rd2+ Kc6 53. Rc2+ Kd6 54. Kxa3 Rxe4 55. Rc4 Re3 56. Rd4+ Kc5 57. Rd8 Rf3 58. Rh8 Rxf4 59. Rxh6 f5 60. Rh8 Kb6 61. b4 Rf1 62. Ka4 f4 63. Rh6+ Kc7 64. Kb5 f3 65. Rh7+ Kc8 66. Rf7 f2 67. h5 Rh1 68. Rxf2 Rxh5+ 69. Ka6 Rh6+ 70. Ka7 Rh7+ 71. Ka8 Kc7 72. Rf6 Rh4 73. Rf7+ Kb6 74. Rb7+ Ka6 75. b5+ Ka5 76. Ka7 Rh5 77. b6 Rh6 78. Rb8 Rg6 79. Rc8 Rxb6 80. Rc5+ Rb5 81. Rxb5+ 1/2-1/2

[Event "82nd UKR-ch"]
[Site "Kyiv UKR"]
[Date "2013.06.26"]
[Round "10"]
[White "Kravtsiv, Martyn"]
[WhiteElo "2626"]
[Black "Areschenko, Alexander"]
[BlackElo "2708"]
[Result "0-1"]
[EventDate "2013.06.14"]
[PlyCount "103"]

1. e4 e5 2. Nf3 Nc6 3. Bb5 a6 4. Ba4 Nf6 5. O-O Be7 6. d3 b5 7. Bb3 d6 8. a4 Bd7 9. c3 O-O 10. Nbd2 Na5 11. Bc2 c5 12. Re1 Re8 13. Nf1 Nc6 14. Ne3 Bf8 15. Bb3 Na5 16. Ba2 bxa4 17. Nd2 Bc6 18. Nd5 Rb8 19. Nxf6+ Qxf6 20. Bd5 Bxd5 21. exd5 Nb3 22. Nxb3 Rxb3 23. Rxa4 Rb6 24. Rae4 Qe7 25. f4 f5 26. R4e3 g6 27. fxe5 dxe5 28. Rxe5 Qxe5 29. Rxe5 Rxe5 30. c4 Bg7 31. Kf1 Bf6 32. Qa4 Re7 33. Qa5 Rb3 34. Qxa6 Kf7 35. d6 Re8 36. Qa7+ Ke6 37. Qa4 Reb8 38. Qc6 Rxd3 39. d7+ Kf7 40. Qc8 Rxc8 41. dxc8=Q Rd1+ 42. Ke2 Rxc1 43. Qxc5 Rc2+ 44. Kd3 Rxb2 45. Qd5+ Kg7 46. c5 Rb8 47. Kc4 Rd8 48. Qb7+ Kh6 49. c6 Be5 50. Qb6 Re8 51. Qe3+ Kg7 52. Kd5 0-1

[Event "82nd UKR-ch"]
[Site "Kyiv UKR"]
[Date "2013.06.22"]
[Round "10"]
[White "Kryvoruchko, Yuriy"]
[WhiteElo "2659"]
[Black "Korobov, Anton"]
[BlackElo "2715"]
[Result "1/2-1/2"]
[EventDate "2013.06.14"]
[PlyCount "52"]

1. e4 c5 2. Nf3 d6 3. d4 cxd4 4. Nxd4 Nf6 5. Nc3 a6 6. h3 e6 7. g4 d5 8. exd5 Nxd5 9. Nde2 Bb4 10. Bg2 O-O 11. O-O Nxc3 12. Nxc3 Qc7 13. Qd4 Nc6 14. Bxc6 Bxc3 15. Qxc3 bxc6 16. Be3 e5 17. Rae1 f6 18. f4 Be6 19. Bc5 Rf7 20. fxe5 fxe5 21. Rxf7 Bxf7 22. Rxe5 Rd8 23. b3 h5 24. Bf2 hxg4 25. hxg4 Rd1+ 26. Re1 Qf4 1/2-1/2

[Event "82nd UKR-ch"]
[Site "Kyiv UKR"]
[Date "2013.06.17"]
[Round "10"]
[White "Neverov, Valeriy"]
[WhiteElo "2515"]
[Black "Ponomarov, Ruslan"]
[BlackElo "2743"]
[Result "0-1"]
[EventDate "2013.06.14"]
[PlyCount "106"]

1. d4 Nf6 2. c4 e6 3. Nc3 Bb4 4. e3 O-O 5. Nge2 d5 6. a3 Be7 7. Nf4 c6 8. Bd3 Nbd7 9. O-O dxc4 10. Bxc4 e5 11. dxe5 Nxe5 12. Ba2 Qxd1 13. Rxd1 b6 14. Nd3 Nxd3 15. Rxd3 Ba6 16. Rd1 Rfd8 17. Bd2 Kf8 18. Be1 Ng4 19. Rxd8+ Rxd8 20. Rd1 Ne5 21. Rxd8+ Bxd8 22. Bd2 f5 23. f4 Nc4 24. Bc1 Bf6 25. Nd1 Ke7 26. Bb1 Nd6 27. Kf2 Bc4 28. Nc3 Bxc3 29. bxc3 Ke6 30. g4 g6 31. gxf5+ gxf5 32. Kg3 c5 33. Bc2 a5 34. Kh4 Kf6 35. Kg3 Bd5 36. Bb2 Be4 37. Bd1 Nc4 38. Bc1 b5 39. Be2 Nd6 40. Bb2 c4 41. Bd1 Bc6 42. Bc2 Kg6 43. Bc1 Ne8 44. Bd2 Nf6 45. Kf2 Be4 46. Bd1 Nd5 47. Be2 Kf6 48. Ke1 Ke7 49. Kd1 Kd6 50. Kc1 Kc5 51. Kb2 Nf6 52. Bf1 Ng4 53. h4 Nh2 0-1

[Event "82nd UKR-ch"]
[Site "Kyiv UKR"]
[Date "2013.06.23"]
[Round "11"]
[White "Areschenko, Alexander"]
[WhiteElo "2708"]
[Black "Eljanov, Pavel"]
[BlackElo "2707"]
[Result "1/2-1/2"]
[EventDate "2013.06.14"]
[PlyCount "68"]

1. d4 Nf6 2. Nf3 g6 3. Bg5 Bg7 4. Nbd2 O-O 5. c3 d5 6. e3 Nbd7 7. Be2 Re8 8. O-O e5 9. h3 c6 10. Qc2 Qe7 11. Rfd1 h6 12. Bh4 e4 13. Nh2 g5 14. Bg3 h5 15. h4 Ng4 16. Bxg4 hxg4 17. hxg5 Qxg5 18. c4 Nf6 19. cxd5 cxd5 20. Qc7 Nh5 21. Nhf1 b6 22. a4 Be6 23. a5 Rec8 24. Qb7 Nxg3 25. Nxg3 bxa5 26. Rxa5 Qd8 27. Qa6 Rc2 28. Ra2 Qc8 29. Qd6 Qb8 30. Qe7 Qd8 31. Qxd8+ Rxd8 32. Nb3 Bf8 33. Nh5 Rb8 34. Rd2 Rxd2 1/2-1/2

[Event "82nd UKR-ch"]
[Site "Kyiv UKR"]
[Date "2013.06.26"]
[Round "11"]
[White "Yefymenko, Zakhar"]
[WhiteElo "2651"]
[Black "Volokytin, Andriy"]
[BlackElo "2687"]
[Result "1/2-1/2"]
[EventDate "2013.06.14"]
[PlyCount "41"]

1. e4 e5 2. Nf3 Nc6 3. d4 exd4 4. Nxd4 Nf6 5. Nxc6 bxc6 6. Nd2 d5 7. exd5 cxd5 8. Bb5+ Bd7 9. Bxd7+ Qxd7 10. O-O Be7 11. b3 O-O 12. Bb2 Rfe8 13. Qf3 Ng4 14. h3 Bf6 15. hxg4 Bxb2 16. Rad1 c6 17. c3 Qe7 18. Nb1 a5 19. Rd2 Ba3 20. Nxa3 Qxa3 21. Rfd1 1/2-1/2

[Event "82nd UKR-ch"]
[Site "Kyiv UKR"]
[Date "2013.06.17"]
[Round "11"]
[White "Korobov, Anton"]
[WhiteElo "2715"]
[Black "Kravtsiv, Martyn"]
[BlackElo "2626"]
[Result "1/2-1/2"]
[EventDate "2013.06.14"]
[PlyCount "79"]

1. e4 c5 2. Nf3 d6 3. d4 cxd4 4. Nxd4 Nf6 5. Nc3 a6 6. Be2 e5 7. Nb3 Be7 8. Bg5 Be6 9. Bxf6 Bxf6 10. Qd3 Nc6 11. O-O-O Qb6 12. Nd5 Bxd5 13. exd5 Ne7 14. Kb1 g6 15. g4 Bg7 16. Qf3 O-O 17. h4 a5 18. a4 Qb4 19. Bb5 f5 20. g5 Rfc8 21. Qe2 Rc7 22. Ka2 Qf4 23. c3 b6 24. f3 Rac8 25. Rh3 h5 26. Nc1 e4 27. fxe4 fxe4 28. Re3 Qxh4 29. Rg1 Rf8 30. Rxe4 Qf2 31. Re1 Qxe2 32. R1xe2 Nxd5 33. Bc4 Rf5 34. Rd2 Rxc4 35. Rxc4 Rxg5 36. Rc6 Bf8 37. Rd4 Bg7 38. Rd2 Bf8 39. Rd4 Bg7 40. Rd2 1/2-1/2